ბათუმის შოთა რუსთაველის სახელმწიფო უნივერსიტეტის ბიბლიოთეკა

ღვთისა და კაცისა : (ბიბ.ჩანაწერი № 49957)

000 -ლიდერი
ფიქსირებული სიგრძის საკონტროლო ველი 00969nam a2200229Ia 4500
001 - საკონტროლო ნომერი
საკონტროლო ველი 16893
003 - საკონტროლო ნომრის იდენტიფიკატორი
საკონტროლო ველი GE_BSU
005 - ბოლო ოპერაციის თარიღი და დრო
საკონტროლო ველი 20221222162711.0
008 - ფიქსირებული სიგრძის მონაცემთა ელემენტები - ზოგადი ინფორმაცია
ფიქსირებული სიგრძის საკონტროლო ველი 181216s1985ge xx |||||||||||||| ||geo||
040 ## - კატალოგიზაციის წყარო
Transcribing agency GE_BSU
041 ## - ენის კოდი
Language code of text/sound track or separate title geo
080 ## - უნივერსალური ათობითი კლასიფიკაციის ინდექსი
Universal Decimal Classification number 821.161.1-32 ტ-67
100 ## - მთავარი ჩანაწერი - პიროვნების სახელი
Personal name ტოლსტოი, ლევ (1828-1910)
9 (RLIN) 16531
245 ## - ცნობა სათაურის შესახებ
Title ღვთისა და კაცისა :
Remainder of title მოთხრობები /
Statement of responsibility, etc ლევ ტოლსტოი ; თარგმნა და შენიშვნ. დაურთო ნოდარ ებრალიძემ.
264 ## - წარმოების, გამოცემის, დისტრიბუციის და სხვა ცნობები
გამოცემის, წარმოების, დისტრიბუციის... ადგილი თბილისი :
გამოცემის, წარმოების, დისტრიბუციის... სახელწოდება განათლება,
გამოცემის, წარმოების, დისტრიბუციის... თარიღი 1985.
300 ## - ფიზიკური აღწერა
Extent 446 გვ. ;
Other physical details 21 სმ.
501 ## - შენიშვნა თანმხლებ მასალაზე
With note შენიშვნ გვ.422
653 ## - INDEX TERM--UNCONTROLLED
Uncontrolled term მოთხრობები
653 ## - INDEX TERM--UNCONTROLLED
Uncontrolled term ღვთისა და კაცისა
700 ## - ADDED ENTRY--PERSONAL NAME
Personal name ებრალიძე, ნოდარ
Relator term მთარგმნელი
9 (RLIN) 16532
942 ## - ADDED ENTRY ELEMENTS (KOHA)
Koha item type წიგნი
Source of classification or shelving scheme
ეგზემპლარები
ჩამოწერის სტატუსი დაკარგული ეგზემპლარის სტატუსი კლასიფიკაციის წყარო ან თაროზე გაწყობის სქემა დაზიანების სტატუსი არ გაიცემა მუდმივი მდებარეობა (დაცვის ადგილი) ამჟამინდელი ადგილსამყოფელი თაროზე განთავსების ადგილი შეძენის თარიღი სრული შენახვის შიფრი შტრიხკოდი ბოლო ოპერაციის თარიღი ეგზემპლარის მიმდევრობითი ნომერი (კეტერი?) ფასის ძალაში შესვლის თარიღი ეგზემპლარის სახეობა ღირებულება, შესყიდვის ნორმალური ფასი საჯარო შენიშვნა
          ბათუმის შოთა რუსთაველის სახელმწიფო უნივერსიტეტის მთავარი ბიბლიოთეკა ბათუმის შოთა რუსთაველის სახელმწიფო უნივერსიტეტის მთავარი ბიბლიოთეკა წიგნსაცავი 2018-12-17 821.161.1-32 ტ-67 21936 2018-12-17 21936 2018-12-17 წიგნი    
          ბათუმის შოთა რუსთაველის სახელმწიფო უნივერსიტეტის მთავარი ბიბლიოთეკა ბათუმის შოთა რუსთაველის სახელმწიფო უნივერსიტეტის მთავარი ბიბლიოთეკა წიგნსაცავი 2022-12-22 821.161.1-32 ტ-67 63364 2022-12-22 63364 2022-12-22 წიგნი 7.00 7.00